000 00507nam a22001817a 4500
005 20150717115108.0
010 _aENG-113248
020 _c399.00
_a9789382711537
035 _aEN-96780
037 _bDBAD/PUB
082 _aN
100 _aRenu Kurien Balakrishnan
245 _aFour aleys /
_cby Renu Kurien Balakrishnan
260 _aNew Delhi
_bVitasta Publishing
_c2015(repr.)
270 _a2/15, Ansari Road, Daryaganj
_bNew Delhi
_e110002
300 _a375p.
_c21cm(pbk)
942 _2ddc
_cEN
_mREN
_hN
999 _c93962
_d93962